Countries Missing from the Pixelated World Map - Statistics

General Stats
  • This quiz has been taken 2,727 times
  • The average score is 66 of 82
Answer Stats
Country % Correct
Andorra
92%
Vatican City
92%
Liechtenstein
90%
Luxembourg
90%
San Marino
90%
Saint Kitts and Nevis
88%
Saint Lucia
88%
Saint Vincent and the Grenadines
88%
Antigua and Barbuda
86%
Bahrain
86%
Dominica
86%
Fiji
86%
Haiti
86%
Monaco
86%
Barbados
85%
Belize
85%
Brunei
85%
Dominican Republic
85%
Malta
85%
Marshall Islands
85%
Palau
85%
Qatar
85%
Tuvalu
85%
Nauru
84%
Samoa
84%
Seychelles
84%
Solomon Islands
84%
Tonga
84%
Vanuatu
84%
Bahamas
83%
Burundi
83%
Comoros
83%
El Salvador
83%
Jamaica
83%
Kosovo
83%
Rwanda
83%
Singapore
83%
Trinidad and Tobago
83%
Cape Verde
82%
Grenada
82%
Israel
82%
São Tomé and Príncipe
82%
Albania
81%
Cuba
81%
East Timor
81%
Eswatini
81%
Kiribati
81%
Lesotho
81%
Mauritius
81%
Panama
81%
Costa Rica
80%
Djibouti
80%
Federated States of Micronesia
80%
Kuwait
80%
Lebanon
80%
Maldives
80%
Bhutan
79%
Cyprus
79%
Latvia
79%
Montenegro
79%
Togo
79%
Armenia
78%
Estonia
78%
Gambia
78%
Equatorial Guinea
77%
North Macedonia
77%
Slovenia
76%
Taiwan
75%
Belgium
74%
Honduras
74%
United Arab Emirates
74%
Guinea-Bissau
72%
Moldova
72%
Georgia
71%
Slovakia
71%
Croatia
69%
Sri Lanka
69%
Bosnia and Herzegovina
67%
Liberia
62%
Malawi
62%
Switzerland
56%
Portugal
47%
No matching quizzes found
Score Distribution
Percent of People with Each Score
Percentile by Number Answered
Your Score History
You have not taken this quiz